000 00701nam a22001817a 4500
999 _c19254
_d19254
008 240221b ||||| |||| 00| 0 eng d
020 _a9781119864950
082 _aDC 005.74
_bB620 2023
245 _aBlockchain technology in corporate governance :
_btransforming business industries /
_cedited by Kiran Sood, and four others.
260 _aHoboken, NJ :
_bWiley,
_c©2023.
300 _axviii, 418 pages :
_billustrations ;
_c23 cm.
500 _aIncludes references and index.
650 _aBlockchains (Databases).
_946203
700 _aDhanaraj, Rajesh Kumar
_eeditor
_952874
700 _aBalusamy, Balamurugan
_eeditor
_952875
700 _a Kadry, Seifedine
_eeditor
_952876
942 _2ddc
_cDC